000 00745nam a2200241 4500
999 _c13058
_d13058
003 MIRAKIL
005 20190326105137.0
008 190326b tu ||||| |||| 00| 0 tur d
020 _a9789753435550
040 _aTR-AnCHP
_cTR-AnCHP
041 _atur
082 _a327.2
_bT85d 2009
100 1 _aTuncer, Hüner.
245 1 0 _aDiplomasinin evrimi:
_bgizli diplomasiden küresel diplomasiye /
_cHüner Tuncer.
246 _aGizli diplomasiden küresel diplomasiye
260 _aİstanbul:
_bKaynak Yayınları,
_c2009.
300 _a288 s.:
_c20 sm.
440 0 _aKaynak Yayınları;
_v539.
504 _aKaynakça vardır.
650 0 _95466
_aDiplomasi
_xTarih
740 0 2 _aGizli diplomasiden küresel diplomasiye.
942 _2ddc
_cBKS